Innovación y mejora docente en la enseñanza del derecho en el EEES. Acciones y estrategias multidisciplinares y transversales en la facultad de derecho de la Universidad de Sevilla.

Saved in:
Bibliografiske detaljer
Andre forfattere: Castro Sáenz, Alfonso (Director), Vivas Tesón, Inmaculada (Director)
Format: Ukendt
Sprog:engelsk
Udgivet: Pamplona, España Thomson Reuters- Aranzadi 2016
Udgivelse:Primera edición
Serier:Estudios
Fag:
Tags: Tilføj Tag
Ingen Tags, Vær først til at tagge denne postø!

MARC

LEADER 00000 a2200000 4500
003 CL-VaPUC
005 20210709124316.0
008 201112b ||||| |||| 00| 0 eng d
999 |c 431684  |d 431682 
020 |a 9788490994993 
040 |c Pontificia Universidad Católica de Valparaíso 
082 |a 340.07 CAS 2016 
100 |a Castro Sáenz, Alfonso  |9 856489  |e director 
245 |a Innovación y mejora docente en la enseñanza del derecho en el EEES.   |b Acciones y estrategias multidisciplinares y transversales en la facultad de derecho de la Universidad de Sevilla. 
250 |a Primera edición  
260 |a Pamplona, España   |b Thomson Reuters-  |b Aranzadi  |c 2016 
300 |a 162 páginas  
440 |a Estudios   |9 856671 
583 |k Cristina Rojas  |c 20201112 
610 |a Universidad de Sevilla   |b Facultad de derecho   |x Enseñanza del derecho   |9 858204 
610 |a Espacio Europeo de Educación Superior (EEES)  |x Enseñanza del derecho   |v Innovación y mejora docente   |9 858206 
650 |a Enseñanza del derecho   |x Espacio Europeo de Educación Superior (EEES)   |9 858205 
700 |a Vivas Tesón, Inmaculada  |e director   |9 858164 
942 |2 ddc  |c BK 
952 |0 0  |1 0  |2 ddc  |4 0  |6 340_070000000000000_CAS_2016  |7 0  |8 A  |9 576903  |a BIBDER  |b BIBDER  |d 2020-11-12  |e 3  |g 36403.00  |i 5577497  |o 340.07 CAS 2016  |p 5577497  |r 2023-01-25  |t 1  |v 36403.00  |w 2020-11-12  |y BK  |k DER